000 00656nam a2200205 i 4500
001 27406
003 ES-MaACL
007 t|
008 030114s1985 xxk ||||1| eng d
020 _a0-631-13964-8
100 1 _aAttfield, C. L. F.
_923772
245 1 0 _aRational expectations in Macroeconomics
_b: an introduction to theory and evidence /
_cC. L. F. Attfield, D. Demery and N. W. Duck.
260 _aOxford, etc. :
_bBasil Blackwell,
_c1985.
300 _a211 p. ;
_c23 cm.
500 _aIndices.
504 _aBibliografía : p. 200-205.
700 1 _aDemery, D.
_943639
700 1 _aDuck, N. W.
_945835
852 _aES-MaACL
_jL-9629
_bR.111729
999 _c27406
_d27406